Geboren in Hanau - Statistiken

Allgemein
  • Dieses Quiz wurde 43 mal gespielt
  • Das Durchschnittsergebnis liegt bei 4 aus 12
Antwortstatistiken
Hinweis Antwort % Korrekt
Märchen- und Sagensammler sowie Begründer der deutschen Philologie 1785 Jacob Grimm
100%
Märchen- und Sagensammler, zusammen mit ^ als Brüderpaar weltberühmt 1786 Wilhelm Grimm
100%
früherer Nationalspieler (Werder, Rom, Marseille) und heutiger Geschäftsführer Sport bei Bayer Leverkusen 1960 Rudi Völler
79%
deutscher Rekordhalter im 100 Meter Lauf 1988 Julian Reus
38%
ehemaliger Fußballer (Eintracht und Wolfsburg) 1985 Marco Russ
26%
früherer Nationalspieler (VfB Stuttgart, Bayern, Eintracht Frankfurt) 1964 Thomas Berthold
21%
Oberbürgermeister von Hanau und SPD-Politiker 1959 Claus Kaminsky
19%
Schauspieler, Berlin-"Tatort" 1958 Dominic Raacke
7%
erster jüdischer Maler, der eine weltweite Bekanntschaft erreichte 1800 Moritz Daniel Oppenheim
7%
deutsch-österreichischer Maler, "Der Abschied des Landwehrmannes" "Manfreds Sterbestunde" 1780 Johann Peter Krafft
5%
Gründer von Jack Wolfskin 1957 Ulrich Dausien
2%
Begründer der klinischen Chemie und Erfinder des Gins 1614 Franciscus Sylvius
0%
Keine übereinstimmenden Quizze gefunden
Verteilung der Resultate
Anzahl Personen mit jedem Resultat
Perzentil nach korrekt beantworteten Fragen
Ihre Resultats-Entwicklung
Sie haben dieses Quiz noch nicht gespielt